近鉄名古屋線の歴代全駅名 - Statistics

General Stats
  • This quiz has been taken 53 times
  • The average score is 45 of 90
Answer Stats
No. 駅名 存在時期 % Correct
E01 近鉄名古屋 1970-
100%
E21 近鉄四日市 1970-
80%
E13 桑名 1929-
78%
E39 1932-
78%
E61 伊勢中川 1941-
78%
E03 黄金 1938-
76%
E11 近鉄弥富 1970-
76%
E02 米野 1938-
73%
E05 近鉄八田 1970-
73%
E08 近鉄蟹江 1970-
73%
E17 近鉄富田 1970-
73%
E40 津新町 1931-
73%
E42 久居 1930-
73%
E31 白子 1915-
71%
E04 烏森 1938-
68%
E09 富吉 1964-
68%
廃止 川越 1929-1945
68%
E24 塩浜 1919-
68%
E29 伊勢若松 1917-
68%
E43 桃園 1930-
68%
E12 近鉄長島 1970-
66%
E38 江戸橋 1917-
66%
E16 川越富洲原 2009-
63%
廃止 四日市 1924-1956
63%
E26 1917-
61%
E07 戸田 1938-
59%
E23 海山道 1919-
59%
廃止 北楠 1920-1926
59%
E25 北楠 1934-
59%
E01 参急名古屋 1940-1941
56%
E06 伏屋 1938-
56%
E10 佐古木 1938-
56%
E19 阿倉川 1929-
56%
E37 高田本山 1918-
56%
E41 南が丘 1989-
56%
E15 伊勢朝日 1929-
54%
E20 川原町 1929-
54%
E35 豊津上野 1943-
54%
E36 白塚 1944-
54%
E01 近畿日本名古屋 1944-1970
51%
E05 参急八田 1940-1941
51%
E08 参急蟹江 1940-1941
51%
E11 参急弥富 1940-1941
51%
E14 益生 1930-
51%
E16 富洲原 1929-2009
51%
廃止 霞ヶ浦 1929-1943
51%
E18 霞ヶ浦 1950-
51%
E22 新正 1975-
51%
E32 鼓ヶ浦 1922-
51%
E05 近畿日本八田 1944-1970
49%
E11 近畿日本弥富 1944-1970
49%
E12 参急長島 1940-1941
49%
E30 千代崎 1916-
49%
廃止 千里 1917-1921
49%
E34 千里 1943-
49%
E08 近畿日本蟹江 1944-1970
46%
E17 近畿日本富田 1944-1970
46%
E21 近畿日本四日市 1956-1970
46%
E33 磯山 1915-
46%
E12 近畿日本長島 1944-1970
44%
廃止 長太 1917-1928
44%
E27 長太ノ浦 1943-
44%
E28 箕田 1917-
44%
E01 関急名古屋 1938-1940
41%
E01 関急名古屋 1941-1944
41%
E05 関急八田 1938-1940
41%
E05 関急八田 1941-1944
41%
E08 関急蟹江 1938-1940
41%
E08 関急蟹江 1941-1944
41%
E11 関急弥富 1938-1940
41%
E11 関急弥富 1941-1944
41%
E12 関急長島 1938-1940
41%
E12 関急長島 1941-1944
41%
E17 関急富田 1941-1944
39%
E21 諏訪 1929-1956
29%
廃止 伊勢上野 1915-1943
29%
E61 参急中川 1930-1941
27%
廃止 新四日市 1924
24%
E14 西桑名 1929-1930
22%
E17 西富田 1929-1941
22%
廃止 揖斐川 1938-1969
20%
廃止 町屋 1929-1947
17%
E18 羽津 1929-1950
17%
廃止 豊津浦 1915-1943
17%
廃止 逆川 1915-1944
17%
廃止 西町 1929-1947
15%
E37 一身田町 1915-1918
12%
廃止 玉垣口 1917-1926
10%
E32 子安観音 1915-1922
10%
廃止 三軒家 1917-1921
10%
No matching quizzes found
Score Distribution
Percent of People with Each Score
Percentile by Number Answered
Your Score History
You have not taken this quiz